00790 2200253 4500001002100000005001700021008004100038020001800079035002400097082001000121090001700131100002100148245013300169250001100302260002800313300002500341500006800366650003400434700001700468850001500485980001500500985000600515999001500521YOGYA-0209000003543820090227025017.0 ind  a979-669-520-0 0010-020900000035438 a959.8 a959.8bHei A aHeijboer, Pierre aAgresi militer Belandabmemperebutkan pendi zamrud sepanjang khatulistiwa 1945-1949cPierre Heijboer ; alih bahasa, W.S. Karnera aCet. 1 aJakartabGrasindoc1998 a181 hlmbilusc25 cm aJudul asli : De politionele acties de strijd om Indie 1945-1949 aIndonesia - SejarahxRevolusi aKarnera, W.S aYOPDYOG(B) a28-09-2006 a1 a99P0002824